000 00836nam a2200253 i 4500
001 105656
003 ES-MaACL
005 20230906183937.0
007 t|
008 060802s1938 ag ||||1| spa d
080 _a929 Isabel (460) I
080 _a94(460)"1474/1516"
100 1 _aWittlin, A. St.
_9117191
245 1 0 _aIsabel la Católica
_b: fundadora del poderío mundial de España /
_cA. St. Wittlin.
260 _aBuenos Aires :
_bClaridad,
_c1938.
300 _a354 p. ;
_c20 cm.
490 1 _aObras famosas
500 _aBiblioteca Juan Andrade.
600 0 4 _aIsabel
_bI,
_cReina de Castilla.
_9175419
651 _aEspaña-
_xHistoria-
_y1474-1516, Reyes Católicos.
_98222
830 0 _aObras famosas
_9232759
852 _aES-MaACL
_jAND-472
_bR.109775
_q. - Ejemplar falto de portada
999 _c105656
_d105656